Glycolysis - Statistics

General Stats
  • This quiz has been taken 34 times
  • The average score is 8 of 20
Answer Stats
Steps Hint or process Answer % Correct
Start Glucose
100%
Intermediate 1 G6P Glucose-6-phosphate
86%
Enzyme 1 Phosphorylation Hexokinase
81%
Intermediate 2 F6P Fructose-6-phosphate
76%
End Pyruvate
71%
Enzyme 3 Phosphorylation Phosphofructokinase
67%
Intermediate 3 FBP (1,6) Fructose 1,6-biphosphate
48%
Intermediate 9 PEP Phosphoenolpyruvate
43%
Enzyme 4 Splitting Aldolase
38%
Enzyme 10 Phosphate removed Pyruvate kinase
38%
Intermediate 8 2PG 2-Phosphoglycerate
29%
Intermediate 7 3PG 3-Phosphoglycerate
29%
Enzyme 9 H2O release Enolase
29%
Enzyme 7 Oxidation (aldehyde>carboxy)Substrate-level phosphorylation Phosphoglycerate kinase
19%
Enzyme 8 Rearrangement Phosphoglycerate mutase
19%
Enzyme 4-5 Isomerase conversion Triose phosphate isomerase
19%
Enzyme 6 Addition Phosphate Glyceraldehyde 3-phosphate dehydrogenase
14%
Intermediate 4/5 GAP (3), DHAP Glyceraldehyde 3-phosphate, dihydroxyacetone phosphate
14%
Enzyme 2 Rearrangement Phosphoglucose isomerase
14%
Intermediate 6 1,2-BPG 1,3-Biphosphoglycerate
0%
No matching quizzes found
Score Distribution
Percent of People with Each Score
Percentile by Number Answered
Your Score History
You have not taken this quiz